| 000 | 00455nab a2200145Ia 4500 | ||
|---|---|---|---|
| 003 | ES-SlBCS | ||
| 005 | 20210601130451.0 | ||
| 008 | 140529s1970 xxu||||| |||| 00| 0 fre d | ||
| 041 | _afre | ||
| 100 | 1 |
_aLacroix, Jean _d, 1900-1986 _9172356 |
|
| 245 | 0 | 0 |
_aLe salut par la foi selon Spinoza _c Jean Lacroix |
| 600 | 1 | 4 |
_aSpinoza-Salvación por la Fe _9173333 |
| 773 | 0 |
_tGiornali di Metafisica _gvol. 25, nº. 1, 1970, págs. 65-73 _w0017-0372 |
|
| 942 | _cAR | ||
| 999 |
_c547163 _d547163 |
||